[Event "Ponts U18 Lleida-ch"]
[Site "Ponts"]
[Date "2013.02.09"]
[Round "3.5"]
[White "Rumi Camero, Joel"]
[Black "Sasplugas Navarro, Guillem"]
[Result "1-0"]
[WhiteElo "1701"]
[BlackElo "1702"]
[PlyCount "53"]
[EventDate "2013.01.26"]
[EventType "swiss"]
[EventRounds "6"]
[EventCountry "ESP"]
[SourceTitle "EXT 2024"]
[Source "ChessBase"]
[SourceDate "2023.10.10"]
[SourceVersion "1"]
[SourceVersionDate "2023.10.10"]
[SourceQuality "1"]

1. c4 e5 2. Nc3 Bb4 3. g3 c6 4. Bg2 Nf6 5. d3 d5 6. Bd2 0-0 7. Nf3 Re8 8. 0-0 Bf5 9. e4 dxe4 10. dxe4 Bxc3 11. exf5 Bxb2 12. Rb1 Bd4 13. Rxb7 Qc8 14. Rb3 Qxf5 15. Bc3 c5 16. Bxd4 exd4 17. Nh4 Qd7 18. Bxa8 Qa4 19. Re1 Nbd7 20. Rxe8+ Nxe8 21. Qf3 Qxa2 22. Ra3 Qxc4 23. Bd5 Qc1+ 24. Kg2 Ndf6 25. Rxa7 Nd6 26. Ra8+ Nde8 27. Rxe8+ 1-0

[Event "Ponts U18 Lleida-ch"]
[Site "Ponts"]
[Date "2013.02.02"]
[Round "2.4"]
[White "Sasplugas Navarro, Guillem"]
[Black "Orrit Sole, Gerard"]
[Result "0-1"]
[WhiteElo "1702"]
[BlackElo "1796"]
[PlyCount "64"]
[EventDate "2013.01.26"]
[EventType "swiss"]
[EventRounds "6"]
[EventCountry "ESP"]
[SourceTitle "EXT 2024"]
[Source "ChessBase"]
[SourceDate "2023.10.10"]
[SourceVersion "1"]
[SourceVersionDate "2023.10.10"]
[SourceQuality "1"]

1. e4 c5 2. Nf3 e6 3. c3 Nc6 4. Bb5 a6 5. Bxc6 bxc6 6. 0-0 d5 7. d3 Nf6 8. e5 Nd7 9. Bf4 Be7 10. c4 0-0 11. Re1 Re8 12. Bg3 f6 13. Nc3 fxe5 14. Nxe5 Nxe5 15. Bxe5 Bf6 16. Qh5 Rf8 17. Na4 Qe7 18. Re3 g6 19. Rg3 Qg7 20. Bxf6 Qxf6 21. Rf1 Qf4 22. Qe2 Qd6 23. Qe3 d4 24. Qh6 Rf7 25. Re1 e5 26. Qg5 Bf5 27. Qd2 a5 28. Rf3 Re7 29. Nb6 Rb8 30. Qxa5 Qc7 31. Nd5 Qxa5 32. b4 Qa7 0-1